Fundamental Accounting Principles. (Record no. 1294)

MARC details
005 - DATE AND TIME OF LATEST TRANSACTION
control field 20250410163419.0
020 ## - INTERNATIONAL STANDARD BOOK NUMBER
International Standard Book Number 0-256-03601-2
082 ## - DEWEY DECIMAL CLASSIFICATION NUMBER
Classification number 657 LAR
100 ## - MAIN ENTRY--PERSONAL NAME
Author name LARSON, K.D.
245 ## - TITLE STATEMENT
Title Fundamental Accounting Principles.
250 ## - EDITION STATEMENT
Edition statement 5th Ed. Canadian
260 ## - PUBLICATION, DISTRIBUTION, ETC.
Place of publication, distribution, etc. Homewood,
Name of publisher, distributor, etc. Richard D. Irwin,
Date of publication, distribution, etc. 1987.
300 ## - PHYSICAL DESCRIPTION
Extent XVII, 1230P.: Ill.;figures & table
Other physical details Index
Dimensions 23cm.
700 ## - ADDED ENTRY--PERSONAL NAME
Other authors/Editors PYLE, W.W. & NELSON, M.
942 ## - ADDED ENTRY ELEMENTS (KOHA)
Source of classification or shelving scheme Dewey Decimal Classification
Koha item type Books
Holdings
Date last seen Total checkouts Full call number Barcode Cost, replacement price Price effective from Koha item type Lost status Source of classification or shelving scheme Damaged status Not for loan Withdrawn status Home library Current library Shelving location Date acquired Cost, normal purchase price
06/27/2025   657 LAR DOM000443 60000.00 06/27/2025 Books   Dewey Decimal Classification       CBE Dodoma CBE Dodoma General Collection 06/27/2015 20000.00
06/28/2025   657 LAR DOM000256 60000.00 06/28/2025 Books   Dewey Decimal Classification       CBE Dodoma CBE Dodoma General Collection 06/27/2015 20000.00
04/10/2025   657 LAR 0000005023 60000.00 04/10/2025 Books   Dewey Decimal Classification       College of Business Education Main Library College of Business Education Main Library General Collection 04/10/2025 20000.00
04/10/2025   657 LAR 0000005024 60000.00 04/10/2025 Books   Dewey Decimal Classification       College of Business Education Main Library College of Business Education Main Library General Collection 04/10/2025 20000.00
04/10/2025   657 LAR 0000005025 60000.00 04/10/2025 Books   Dewey Decimal Classification       College of Business Education Main Library College of Business Education Main Library General Collection 04/10/2025 20000.00
04/10/2025   657 LAR 0000005026 60000.00 04/10/2025 Books   Dewey Decimal Classification       College of Business Education Main Library College of Business Education Main Library General Collection 04/10/2025 20000.00
04/10/2025   657 LAR 0000005027 60000.00 04/10/2025 Books   Dewey Decimal Classification       College of Business Education Main Library College of Business Education Main Library General Collection 04/10/2025 20000.00
04/10/2025   657 LAR 0000005028 60000.00 04/10/2025 Books   Dewey Decimal Classification       College of Business Education Main Library College of Business Education Main Library General Collection 04/10/2025 20000.00